000
00288nam a2200133Ia 4500
100
_a
Nadkarny/V.V
942
_c
BK
654
_a
Quantitative
245
_a
Quantitative Analysis
260
_b
Popular Prakashan
_a
Mumbai
_c
1970
082
_a
545
_b
NAD
300
_a
224
546
_a
ENGLISH
999
_c
18933
_d
18933